00641cam a22002291 4500001001300000003000400013005001700017008004100034010001700075035001900092040004600111042001200157050001500169082001100184100003300195245003700228250001900265260004200284300001900326650004900345999001700394med47000154 DLC20260227111558.0770809s1946 miu 000 0 eng c amed47000154  a(OCoLC)3172605 aU. S. Army medical librarycGATdGATdDLC apremarc00aRS125b.B5 a615.131 aBistran, Warren John,d1915-10aPhysician's prescription manual. a1st ed., 1946. aGrosse Pointe, Mich.,bWoods,cc1946. a212 p.c20 cm. 0aMedicinexFormulae, receipts, prescriptions. c37986d37986